Guess the FC Barcelona player #2 - Statistics

General Stats
  • This quiz has been taken 31 times
  • The average score is 9 of 16
Answer Stats
Picture Answer % Correct
Dani Alves
93%
Luis Suárez
93%
Pedri
86%
Luis Enrique
83%
Bojan Krkić
79%
Memphis Depay
79%
Pau Cubarsí
72%
Patrick Kluivert
69%
Jasper Cillessen
66%
Oriol Romeu
62%
Adriano
34%
Mark van Bommel
34%
Yusuf Demir
28%
Oleguer Presas
17%
Julen Lopetegui
14%
Roberto Bonano
14%
No matching quizzes found
Score Distribution
Percent of People with Each Score
Percentile by Number Answered
Your Score History
You have not taken this quiz